| 000 -LEADER |
| fixed length control field |
00633nam a22002177a 4500 |
| 001 - CONTROL NUMBER |
| control field |
17661 |
| 003 - CONTROL NUMBER IDENTIFIER |
| control field |
BD-DhUAP |
| 005 - DATE AND TIME OF LATEST TRANSACTION |
| control field |
20201117142138.0 |
| 008 - FIXED-LENGTH DATA ELEMENTS--GENERAL INFORMATION |
| fixed length control field |
201108r19822010bg a|||| |||| 001 0 eng d |
| 040 ## - CATALOGING SOURCE |
| Original cataloging agency |
BD-DhUAP |
| Language of cataloging |
Eng |
| Transcribing agency |
BD-DhUAP |
| Modifying agency |
BD-DhUAP |
| 082 ## - DEWEY DECIMAL CLASSIFICATION NUMBER |
| Edition number |
23 |
| Classification number |
526.9 SHA |
| 100 ## - MAIN ENTRY--PERSONAL NAME |
| Personal name |
Shahjahan, M. |
| 245 ## - TITLE STATEMENT |
| Title |
A text book of surveying / |
| Statement of responsibility, etc. |
M. Shahjahan and M. A. Aziz. |
| 250 ## - EDITION STATEMENT |
| Edition statement |
3rd ed. |
| 260 ## - PUBLICATION, DISTRIBUTION, ETC. |
| Place of publication, distribution, etc. |
Dhaka : |
| Name of publisher, distributor, etc. |
Kazi Mahfuzur Rahman, |
| Date of publication, distribution, etc. |
1982 [Reprinted 2010]. |
| 300 ## - PHYSICAL DESCRIPTION |
| Extent |
ix, 365 pages : |
| Other physical details |
illustrations ; |
| Dimensions |
21 cm. |
| 500 ## - GENERAL NOTE |
| General note |
Includes index. |
| 650 ## - SUBJECT ADDED ENTRY--TOPICAL TERM |
| Topical term or geographic name entry element |
Surveying and Leveling. |
| 700 ## - ADDED ENTRY--PERSONAL NAME |
| Personal name |
Aziz, M. A. |
| 942 ## - ADDED ENTRY ELEMENTS (KOHA) |
| Source of classification or shelving scheme |
|
| Koha item type |
Book |